OECD economic surveys

Guardado en:
Detalles Bibliográficos
Formato: Seriadas
Lenguaje:inglés
Publicado: Paris Organisation for economic CO-operations and Development
Etiquetas: Agregar Etiqueta
Sin Etiquetas, Sea el primero en etiquetar este registro!

MARC

LEADER 00000nas1a2200000 4500
001 s124499
005 20230529070756.9
041 0 |a eng 
044 |a FR 
245 1 0 |a OECD economic surveys 
264 1 |a Paris  |b Organisation for economic CO-operations and Development